000
00290nam a22001337a 4500
008
181102b xxu||||| |||| 00| 0 eng d
020
_a
9781559346498
041
_a
eng
080
_a
610
100
_a
3
101
_a
SHM
245
_a
the Moral OfT he Story
_c
Nina.R
942
_2
udc
_c
BK
999
_c
51664
_d
51664